[Event "Basel Easter op"]
[Site "Basel"]
[Date "2024.03.31"]
[Round "6"]
[White "Rohit, Krishna S"]
[Black "Sorbe, Stephane"]
[Result "1-0"]
[WhiteElo "2410"]
[BlackElo "2347"]
[PlyCount "77"]
[EventDate "2024.03.28"]
[EventType "swiss"]
[EventRounds "9"]
[EventCountry "SUI"]
[SourceTitle "CB14_2024"]
[SourceDate "2024.04.01"]
[SourceVersion "1"]
[SourceVersionDate "2024.04.01"]
[SourceQuality "1"]

1. d4 d5 2. c4 c6 3. Nf3 Nf6 4. Nc3 dxc4 5. a4 Bf5 6. e3 e6 7. Bxc4 Bb4 8. 0-0 0-0 9. Nh4 Bg4 10. f3 Bh5 11. g4 Nd5 12. Ng2 Bg6 13. Qb3 a5 14. e4 Nb6 15. Be3 c5 16. dxc5 N6d7 17. Na2 Nxc5 18. Qc2 Nc6 19. Rad1 Qe7 20. Bb5 Rfc8 21. Nxb4 Nxb4 22. Qf2 b6 23. g5 Ra7 24. Qg3 e5 25. Qg4 Rf8 26. h4 f5 27. gxf6 Qxf6 28. h5 Bf7 29. h6 Be6 30. Qg3 Bb3 31. Rd2 Kh8 32. Bxc5 bxc5 33. f4 Qe6 34. fxe5 Rg8 35. Qc3 c4 36. Rd6 Qg4 37. e6 Qg6 38. e7 Qxd6 39. hxg7+ 1-0

[Event "Clichy Rapid op"]
[Site "Clichy"]
[Date "2023.07.09"]
[Round "5"]
[White "Viers, Emmanuel"]
[Black "Sorbe, Stephane"]
[Result "1/2-1/2"]
[WhiteElo "2056"]
[BlackElo "2320"]
[PlyCount "138"]
[EventDate "2023.07.09"]
[EventType "swiss (rapid)"]
[EventRounds "9"]
[EventCountry "FRA"]
[SourceTitle "CBM 215 Extra"]
[Source "ChessBase"]
[SourceDate "2023.09.30"]
[SourceVersion "1"]
[SourceVersionDate "2023.09.30"]
[SourceQuality "1"]

1. d4 d5 2. Nc3 Nf6 3. Nf3 Bf5 4. Ne5 c6 5. e3 h6 6. Bd3 Bxd3 7. Nxd3 Nbd7 8. 0-0 e6 9. Qe2 Bd6 10. e4 dxe4 11. Nxe4 Nxe4 12. Qxe4 0-0 13. c3 Qc7 14. h3 Rad8 15. Re1 c5 16. Nxc5 Nxc5 17. dxc5 Bxc5 18. Be3 Rd5 19. Rad1 Rfd8 20. Rxd5 Rxd5 21. Bxc5 Qxc5 22. Re2 b5 23. g3 a5 24. a4 Rd1+ 25. Kg2 bxa4 26. Qxa4 Qd5+ 27. Qe4 Qd8 28. b4 Rc1 29. Rc2 Rb1 30. g4 Qd1 31. Kg3 axb4 32. cxb4 g6 33. Rc8+ Kh7 34. Rc3 Qg1+ 35. Kf3 Qh1+ 36. Kf4 Qxe4+ 37. Kxe4 Rxb4+ 38. Kf3 Kg7 39. Kg3 Kf6 40. Rf3+ Ke7 41. Rd3 Rb1 42. Ra3 Kf6 43. Rf3+ Kg7 44. Ra3 Rb4 45. Rf3 e5 46. Re3 Kf6 47. Ra3 Rb6 48. Rf3+ Ke6 49. Ra3 f5 50. Ra8 Rb3+ 51. Kg2 Kf6 52. f3 Kg5 53. Ra5 Rb2+ 54. Kf1 Kf4 55. Ra6 fxg4 56. fxg4 Rh2 57. Rxg6 Rxh3 58. Kg2 Rg3+ 59. Kf2 Ra3 60. Rxh6 Ra2+ 61. Ke1 Kxg4 62. Rb6 e4 63. Rb3 Kf4 64. Rc3 e3 65. Rc8 Ra1+ 66. Ke2 Ra2+ 67. Ke1 Ke4 68. Re8+ Kd3 69. Rd8+ Ke4 1/2-1/2

[Event "Basel Easter op"]
[Site "Basel"]
[Date "2023.04.10"]
[Round "9"]
[White "Sorbe, Stephane"]
[Black "Toktomushev, Teimur"]
[Result "1-0"]
[WhiteElo "2354"]
[BlackElo "2252"]
[PlyCount "71"]
[EventDate "2023.04.06"]
[EventType "swiss"]
[EventRounds "9"]
[EventCountry "SUI"]
[SourceTitle "EXT 2024"]
[Source "ChessBase"]
[SourceDate "2023.10.10"]
[SourceVersion "1"]
[SourceVersionDate "2023.10.10"]
[SourceQuality "1"]

1. e4 c5 2. Nc3 Nc6 3. g3 g6 4. Bg2 Bg7 5. d3 d6 6. f4 e6 7. Nf3 Nge7 8. 0-0 0-0 9. Be3 b6 10. Bf2 d5 11. e5 a5 12. a4 Ba6 13. Re1 Rb8 14. Qd2 Qc7 15. Kh1 Rfc8 16. Nb5 Qd7 17. c3 Rd8 18. d4 cxd4 19. Nfxd4 Nxd4 20. Nxd4 h5 21. Bf3 Nf5 22. Nxf5 exf5 23. Bd4 b5 24. axb5 Rxb5 25. Be2 Rdb8 26. Bxb5 Rxb5 27. b4 Bf8 28. e6 fxe6 29. Qe3 Bc8 30. bxa5 Qc6 31. Qe5 Kf7 32. a6 Be7 33. a7 Bb7 34. a8Q Bxa8 35. Rxa8 Qxa8 36. Qxe6+ 1-0

[Event "Basel Easter op"]
[Site "Basel"]
[Date "2023.04.09"]
[Round "6"]
[White "Gemelli, Romain"]
[Black "Sorbe, Stephane"]
[Result "0-1"]
[WhiteElo "2187"]
[BlackElo "2354"]
[PlyCount "60"]
[EventDate "2023.04.06"]
[EventType "swiss"]
[EventRounds "9"]
[EventCountry "SUI"]
[SourceTitle "EXT 2024"]
[Source "ChessBase"]
[SourceDate "2023.10.10"]
[SourceVersion "1"]
[SourceVersionDate "2023.10.10"]
[SourceQuality "1"]

1. d4 d5 2. c4 c6 3. Nc3 dxc4 4. e3 b5 5. a4 b4 6. Ne4 Qd5 7. Ng3 Nf6 8. Be2 g6 9. Nf3 Bg7 10. 0-0 Ba6 11. Qc2 b3 12. Qc3 Nbd7 13. Nd2 e5 14. Nxb3 0-0 15. Rd1 exd4 16. Rxd4 Qe6 17. Qa5 c5 18. Nxc5 Nxc5 19. Qxc5 Nd7 20. Qd6 Bxd4 21. Qxe6 fxe6 22. exd4 Rab8 23. Bg4 Rfe8 24. d5 exd5 25. Bxd7 Re1+ 26. Nf1 c3 27. Bb5 Rxb5 28. axb5 Bxb5 29. h4 Rxf1+ 30. Kh2 c2 0-1

[Event "Vlissingen HZ op 24th"]
[Site "Vlissingen"]
[Date "2022.08.12"]
[Round "8"]
[White "Sorbe, Stephane"]
[Black "Ikonnikov, Vyacheslav"]
[Result "0-1"]
[WhiteElo "2353"]
[BlackElo "2493"]
[PlyCount "108"]
[EventDate "2022.08.06"]
[EventType "swiss"]
[EventRounds "9"]
[EventCountry "NED"]
[SourceTitle "CBM 209 Extra"]
[Source "ChessBase"]
[SourceDate "2022.09.30"]
[SourceVersion "1"]
[SourceVersionDate "2022.09.30"]
[SourceQuality "1"]

1. e4 c5 2. Nc3 Nc6 3. g3 g6 4. Bg2 Bg7 5. d3 d6 6. f4 Rb8 7. Nf3 b5 8. 0-0 b4 9. Ne2 Nf6 10. a3 Qb6 11. Kh1 b3 12. c3 c4 13. e5 cxd3 14. Ned4 Ne4 15. Be3 Nc5 16. exd6 exd6 17. f5 Bb7 18. Nxc6 Bxc6 19. Bxc5 Qxc5 20. Re1+ Be5 21. Qxd3 0-0 22. Rad1 Rfe8 23. fxg6 hxg6 24. Nxe5 dxe5 25. Bxc6 Qxc6+ 26. Kg1 Kg7 27. Qe3 Rb7 28. Rd2 Rd7 29. Red1 Rxd2 30. Rxd2 Re7 31. h4 f6 32. Qd3 Qb6+ 33. Kf1 e4 34. Qd6 Qb7 35. Rd5 e3 36. Ke2 Kf7 37. g4 a5 38. g5 fxg5 39. hxg5 Kg7 40. Qf6+ Kh7 41. Qf3 Qa6+ 42. Ke1 Qe6 43. Rd8 Re8 44. Qb7+ Kh8 45. Qh1+ Kg7 46. Rd4 Qf5 47. Qf1 Qxg5 48. Rf4 Qg3+ 49. Ke2 Qh2+ 50. Kd3 Qd2+ 51. Kc4 e2 52. Rf7+ Kg8 53. Qf6 Rc8+ 54. Kxb3 Qd5+ 0-1

[Event "Syre Memorial op 43th"]
[Site "Issy les Moulineaux"]
[Date "2022.05.29"]
[Round "7.1"]
[White "Macon, Arthur"]
[Black "Sorbe, Stephane"]
[Result "1/2-1/2"]
[WhiteElo "2293"]
[BlackElo "2349"]
[PlyCount "32"]
[EventDate "2022.05.27"]
[EventType "swiss"]
[EventRounds "7"]
[EventCountry "FRA"]
[SourceTitle "EXT 2023"]
[Source "ChessBase"]
[SourceDate "2022.10.05"]
[SourceVersion "1"]
[SourceVersionDate "2022.10.05"]
[SourceQuality "1"]

1. e4 c6 2. d4 d5 3. Nd2 dxe4 4. Nxe4 Bf5 5. Ng3 Bg6 6. h4 h6 7. Nf3 Nd7 8. h5 Bh7 9. Bd3 Bxd3 10. Qxd3 e6 11. Bf4 Qa5+ 12. Bd2 Qc7 13. 0-0-0 Ngf6 14. Ne4 0-0-0 15. g3 Nxe4 16. Qxe4 Bd6 1/2-1/2

[Event "FRA-chT1A 1112"]
[Site "France"]
[Date "2012.01.14"]
[Round "6.4"]
[White "Sorbe, Stephane"]
[Black "Bekkat, Azzedine"]
[Result "1-0"]
[WhiteElo "2368"]
[BlackElo "2202"]
[PlyCount "71"]
[EventDate "2011.10.16"]
[EventType "team-tourn"]
[EventRounds "11"]
[EventCountry "FRA"]
[SourceTitle "EXT 2013"]
[Source "ChessBase"]
[SourceDate "2012.11.22"]
[SourceVersion "1"]
[SourceVersionDate "2012.11.22"]
[SourceQuality "1"]
[WhiteTeam "Clichy"]
[BlackTeam "JEEN"]
[WhiteTeamCountry "FRA"]
[BlackTeamCountry "FRA"]

1. e4 c5 2. Nc3 d6 3. g3 Nf6 4. Bg2 g6 5. d3 Bg7 6. f4 Nc6 7. Nf3 0-0 8. 0-0 Bd7 9. h3 Rb8 10. g4 b5 11. Ne2 Qc7 12. Ng3 Ne8 13. Rb1 Qa5 14. a3 b4 15. axb4 Qxb4 16. Kh1 Qa5 17. b3 Nc7 18. Bb2 Bxb2 19. Rxb2 Nb5 20. f5 Ncd4 21. Qc1 Nxf3 22. Bxf3 Qc3 23. Ra2 Bc6 24. Ne2 Qe5 25. c3 Rb6 26. Qd2 a6 27. d4 cxd4 28. cxd4 Qg7 29. Rc1 Rfb8 30. Rac2 Bd7 31. e5 Rd8 32. Qf4 Rbb8 33. Qe3 dxe5 34. dxe5 Rbc8 35. Nd4 Nxd4 36. Qxd4 1-0

[Event "Figueres op 11th"]
[Site "Figueres"]
[Date "2010.08.15"]
[Round "6"]
[White "Vilar Lopez, Monica"]
[Black "Sorbe, Stephane"]
[Result "0-1"]
[WhiteElo "2166"]
[BlackElo "2358"]
[PlyCount "62"]
[EventDate "2010.08.11"]
[EventType "swiss"]
[EventRounds "9"]
[EventCountry "ESP"]
[SourceTitle "CBM 137 Extra"]
[Source "ChessBase"]
[SourceDate "2010.09.01"]
[SourceVersion "1"]
[SourceVersionDate "2010.09.01"]
[SourceQuality "1"]

1. e4 c5 2. Nc3 Nc6 3. g3 g6 4. Bg2 Bg7 5. d3 e6 6. Be3 Nd4 7. Qd2 Ne7 8. Nd1 b6 9. c3 Ndc6 10. Nf3 Ba6 11. 0-0 0-0 12. Re1 Rc8 13. Bh6 d5 14. Bxg7 Kxg7 15. exd5 Nxd5 16. d4 cxd4 17. Nxd4 Nde7 18. Ne3 Nxd4 19. cxd4 Qd6 20. Rad1 Rfd8 21. Ng4 Nf5 22. Qg5 Qe7 23. Qf4 h5 24. Ne3 Nxe3 25. Qxe3 Qf6 26. d5 exd5 27. Bxd5 Rc5 28. Qe4 Rcxd5 29. Rxd5 Bb7 30. Red1 Rxd5 31. Rxd5 Qc6 0-1

[Event "FRA-chT1 0910"]
[Site "France"]
[Date "2009.10.17"]
[Round "2.5"]
[White "Jablonski, Noham"]
[Black "Sorbe, Stephane"]
[Result "0-1"]
[WhiteElo "2317"]
[BlackElo "2351"]
[PlyCount "66"]
[EventDate "2009.09.27"]
[EventType "team-tourn"]
[EventRounds "11"]
[EventCountry "FRA"]
[SourceTitle "EXT 2011"]
[Source "ChessBase"]
[SourceDate "2010.11.26"]
[SourceVersion "1"]
[SourceVersionDate "2010.11.26"]
[SourceQuality "1"]

1. e4 c6 2. d4 d5 3. e5 Bf5 4. Nf3 e6 5. Be2 c5 6. 0-0 Nc6 7. Be3 Qb6 8. Nc3 Qxb2 9. Nb5 0-0-0 10. dxc5 Qxc2 11. Qe1 Qa4 12. Nbd4 Nge7 13. Bb5 Qa3 14. Qd2 Be4 15. Bxc6 Nxc6 16. Nxc6 bxc6 17. Nd4 Kc7 18. Rfc1 Rb8 19. Nb3 Be7 20. Bg5 f6 21. Bf4 Kd7 22. exf6 gxf6 23. Bxb8 Rxb8 24. f3 Bg6 25. Kh1 Rb4 26. Rc3 Qa4 27. Re1 e5 28. Nc1 Qb5 29. Qf2 Rb2 30. Qg3 Bxc5 31. Qh3+ Kc7 32. Rb3 Qa5 33. Qh4 Bf2 0-1

[Event "Paris-ch int"]
[Site "Paris"]
[Date "2009.07.10"]
[Round "7"]
[White "Sorbe, Stephane"]
[Black "Rabineau, Clement"]
[Result "0-1"]
[WhiteElo "2365"]
[BlackElo "2263"]
[PlyCount "90"]
[EventDate "2009.07.04"]
[EventType "swiss"]
[EventRounds "9"]
[EventCountry "FRA"]
[SourceTitle "CBM 131 Extra"]
[Source "ChessBase"]
[SourceDate "2009.09.03"]
[SourceVersion "2"]
[SourceVersionDate "2009.09.16"]
[SourceQuality "1"]

1. e4 d5 2. exd5 Qxd5 3. Nc3 Qd6 4. d4 Nf6 5. Nf3 a6 6. g3 Bg4 7. h3 Bxf3 8. Qxf3 c6 9. Bg2 Qxd4 10. 0-0 Nbd7 11. Rd1 Qb6 12. Be3 Qc7 13. g4 h6 14. Bf4 e5 15. Bg3 Bd6 16. Qd3 Be7 17. Qc4 0-0 18. h4 Nc5 19. Qe2 Nfd7 20. Bf1 Ne6 21. Rd2 Bb4 22. Qe4 Bxc3 23. bxc3 Rad8 24. Bd3 Nf6 25. Qf5 Nf4 26. Bxf4 exf4 27. g5 hxg5 28. hxg5 Rd5 29. Qh3 Rxg5+ 30. Kf1 Re8 31. Re2 Rge5 32. Rae1 Rxe2 33. Rxe2 Rxe2 34. Kxe2 Qd7 35. Qh2 Qd6 36. Kf1 Qe5 37. Qh3 Qe6 38. Qh4 Qg4 39. Qxg4 Nxg4 40. Bf5 Ne5 41. Bc8 b6 42. Bxa6 Kf8 43. Ke2 Ke7 44. c4 Kd6 45. c3 Kc5 0-1

[Event "Paris-ch int"]
[Site "Paris"]
[Date "2009.07.08"]
[Round "5"]
[White "Sorbe, Stephane"]
[Black "Nesterovsky, Alex"]
[Result "1/2-1/2"]
[WhiteElo "2365"]
[BlackElo "2271"]
[PlyCount "81"]
[EventDate "2009.07.04"]
[EventType "swiss"]
[EventRounds "9"]
[EventCountry "FRA"]
[SourceTitle "CBM 131 Extra"]
[Source "ChessBase"]
[SourceDate "2009.09.03"]
[SourceVersion "2"]
[SourceVersionDate "2009.09.16"]
[SourceQuality "1"]

1. e4 c5 2. Nc3 Nc6 3. g3 g6 4. Bg2 Bg7 5. d3 d6 6. f4 e5 7. Nh3 exf4 8. Bxf4 Nge7 9. Qd2 h6 10. Be3 g5 11. 0-0 Be6 12. Nd5 Qd7 13. Nf2 Ne5 14. c3 0-0 15. b3 Bxd5 16. exd5 Nf5 17. Nd1 Nxe3 18. Nxe3 f5 19. d4 cxd4 20. cxd4 Ng4 21. Nxg4 fxg4 22. Qd3 Rxf1+ 23. Rxf1 Rf8 24. Qg6 Rxf1+ 25. Bxf1 Qf7 26. Qe4 Qf6 27. Qe8+ Bf8 28. Qe6+ Qxe6 29. dxe6 Bg7 30. d5 Bd4+ 31. Kg2 Kf8 32. Bd3 h5 33. Bg6 h4 34. Bh5 hxg3 35. Kxg3 a5 36. Kxg4 Be3 37. Kf5 Ke7 38. Ke4 Bg1 39. h3 b6 40. Kd3 Bf2 41. Kc4 1/2-1/2

[Event "Syre Memorial op 32nd"]
[Site "Issy les Moulineaux"]
[Date "2009.05.24"]
[Round "6"]
[White "Sorbe, Stephane"]
[Black "Ouradou, Frederic"]
[Result "1-0"]
[WhiteElo "2361"]
[BlackElo "1913"]
[PlyCount "65"]
[EventDate "2009.05.21"]
[EventType "swiss"]
[EventRounds "6"]
[EventCountry "FRA"]
[SourceTitle "EXT 2010"]
[Source "ChessBase"]
[SourceDate "2010.11.25"]
[SourceVersion "1"]
[SourceVersionDate "2010.11.25"]
[SourceQuality "1"]

1. e4 c6 2. Nf3 d5 3. exd5 cxd5 4. Ne5 Nc6 5. Bb5 Bd7 6. Nxd7 Qxd7 7. d4 a6 8. Be2 e6 9. 0-0 Nf6 10. c3 Be7 11. Nd2 0-0 12. Nf3 Qc7 13. Re1 b5 14. a3 Nd7 15. Bd3 Bf6 16. Bc2 Rfe8 17. Qd3 g6 18. Be3 Nb6 19. Rad1 Nc4 20. Bc1 Rad8 21. b3 Nb6 22. Ng5 e5 23. Qh3 h5 24. dxe5 Rxe5 25. f4 Rxe1+ 26. Rxe1 d4 27. f5 Qd7 28. fxg6 Qxh3 29. gxf7+ Kf8 30. gxh3 d3 31. Ne6+ Kxf7 32. Nxd8+ Nxd8 33. Bxd3 1-0

[Event "Syre Memorial op 32nd"]
[Site "Issy les Moulineaux"]
[Date "2009.05.22"]
[Round "3"]
[White "Sorbe, Stephane"]
[Black "Thellier, Francis"]
[Result "1-0"]
[WhiteElo "2361"]
[BlackElo "2096"]
[PlyCount "71"]
[EventDate "2009.05.21"]
[EventType "swiss"]
[EventRounds "6"]
[EventCountry "FRA"]
[SourceTitle "EXT 2010"]
[Source "ChessBase"]
[SourceDate "2010.11.25"]
[SourceVersion "1"]
[SourceVersionDate "2010.11.25"]
[SourceQuality "1"]

1. e4 d6 2. Nc3 Nf6 3. g3 g6 4. Bg2 Bg7 5. f4 c5 6. Nf3 0-0 7. 0-0 Nc6 8. d3 e6 9. h3 d5 10. g4 dxe4 11. dxe4 Nb4 12. Qe2 b6 13. Rd1 Qe8 14. a3 Ba6 15. Qf2 Nc6 16. e5 Nd7 17. Ng5 Ndxe5 18. fxe5 Nxe5 19. Nge4 f5 20. Nd6 Qb8 21. gxf5 gxf5 22. Bg5 Nc4 23. Nxc4 Bxc4 24. Bxa8 Qxa8 25. Qg2 Bd4+ 26. Kh1 Qxg2+ 27. Kxg2 Kf7 28. Kf3 e5 29. Be3 Ke6 30. Bxd4 cxd4 31. Ne2 e4+ 32. Kf2 Bxe2 33. Kxe2 Ke5 34. Rg1 h6 35. Rg7 f4 36. Re7+ 1-0

[Event "FRA-chT1A 0809"]
[Site "France"]
[Date "2009.04.05"]
[Round "11.3"]
[White "Claverie, Christophe"]
[Black "Sorbe, Stephane"]
[Result "0-1"]
[WhiteElo "2330"]
[BlackElo "2314"]
[PlyCount "79"]
[EventDate "2008.10.19"]
[EventType "team-tourn"]
[EventRounds "11"]
[EventCountry "FRA"]
[SourceTitle "EXT 2010"]
[Source "ChessBase"]
[SourceDate "2010.11.25"]
[SourceVersion "1"]
[SourceVersionDate "2010.11.25"]
[SourceQuality "1"]
[WhiteTeam "Besancon TPG"]
[BlackTeam "Clichy II"]
[WhiteTeamCountry "FRA"]
[BlackTeamCountry "FRA"]

1. e4 c6 2. d4 d5 3. Nd2 dxe4 4. Nxe4 Bf5 5. Ng3 Bg6 6. Nf3 e6 7. h4 h6 8. h5 Bh7 9. Bd3 Bxd3 10. Qxd3 Nd7 11. Bf4 Qa5+ 12. Bd2 Qc7 13. 0-0-0 Ngf6 14. c4 0-0-0 15. Kb1 c5 16. Bc3 cxd4 17. Bxd4 Bc5 18. Qe2 Bxd4 19. Rxd4 Nb8 20. Rhd1 Nc6 21. Rxd8+ Rxd8 22. b3 Rxd1+ 23. Qxd1 Qf4 24. Qd2 Nxh5 25. Nxh5 Qf5+ 26. Kb2 Qxh5 27. Qd6 Qg6 28. Qf8+ Kc7 29. a3 Qf6+ 30. Kc2 g5 31. b4 g4 32. b5 gxf3 33. bxc6 fxg2 34. cxb7 Qxf2+ 35. Kd3 Kxb7 36. Qe7+ Ka6 37. Qd7 Qf3+ 38. Kd2 Qf2+ 39. Kc3 Qc5 40. Qa4+ 0-1

[Event "FRA-chT1A 0809"]
[Site "France"]
[Date "2009.03.14"]
[Round "8.5"]
[White "Sorbe, Stephane"]
[Black "Larrat, Philippe"]
[Result "1-0"]
[WhiteElo "2314"]
[BlackElo "2170"]
[PlyCount "76"]
[EventDate "2008.10.19"]
[EventType "team-tourn"]
[EventRounds "11"]
[EventCountry "FRA"]
[SourceTitle "EXT 2010"]
[Source "ChessBase"]
[SourceDate "2010.11.25"]
[SourceVersion "1"]
[SourceVersionDate "2010.11.25"]
[SourceQuality "1"]
[WhiteTeam "Clichy II"]
[BlackTeam "Creteil"]
[WhiteTeamCountry "FRA"]
[BlackTeamCountry "FRA"]

1. e4 c5 2. Nc3 g6 3. g3 Bg7 4. Bg2 Nc6 5. d3 d6 6. f4 e6 7. Nf3 Nge7 8. 0-0 0-0 9. Be3 b6 10. d4 d5 11. e5 Nf5 12. Bf2 Nfxd4 13. Nxd4 cxd4 14. Bxd4 Ba6 15. Re1 Nxd4 16. Qxd4 Rc8 17. Qa4 Bc4 18. Rad1 Qc7 19. Ne2 b5 20. Qa6 Bxe2 21. Rxe2 Qc5+ 22. Kh1 Rc6 23. Qa5 b4 24. Qa4 Qc4 25. Bf1 Ra6 26. Qb3 Rxa2 27. Qxc4 dxc4 28. Re4 Rxb2 29. Rxc4 a5 30. Rdd4 Ra8 31. Rc7 a4 32. Rdd7 Rf8 33. Ra7 a3 34. Bc4 Bh6 35. Rxf7 Rxf7 36. Bxe6 Rxc2 37. Rxf7 Kh8 38. Ra7 Bf8 1-0